| 000 | 01125pam a2200313 a 4500 | ||
|---|---|---|---|
| 001 | 015951169 | ||
| 003 | Uk | ||
| 005 | 20130207144256.0 | ||
| 008 | 111014s2013 nyuab b 001 0 eng d | ||
| 020 | _a0071318046 (pbk.) : | ||
| 020 | _a9780071318044 (pbk.) : | ||
| 082 | 0 | 4 |
_a658.4038011 _223 _bMAR |
| 100 | 1 |
_aMarakas, George M. _919977 |
|
| 245 | 1 | 0 |
_aIntroduction to Information Systems / _cGeorge M. Marakas, James A. O.Brien. |
| 250 | _a16th ed. | ||
| 260 |
_aNew York : _bMcGraw-Hill/Irwin, _cc2013. |
||
| 300 |
_axxxii, 732 p. : _bill., maps ; _c28 cm. |
||
| 500 | _a"International edition"--Cover. | ||
| 500 | _a"This international student edition is for use outside of the U.S."--Cover. | ||
| 500 |
_aFormerly CIP. _5Uk |
||
| 504 | _aIncludes bibliographical references and indexes. | ||
| 650 | 0 |
_aBusiness _xData processing. _931044 |
|
| 650 | 0 |
_aManagement _xData processing. _931045 |
|
| 650 | 0 |
_aManagement information systems. _931046 |
|
| 653 |
_bCS _cOctober2012 _cFebruary2013 |
||
| 690 | 7 |
_aManagement and Business Studies _2blcoll |
|
| 700 | 1 |
_aO'Brien, James A., _d1936- _931047 |
|
| 942 |
_2ddc _cBB |
||
| 999 |
_c17051 _d17023 |
||